Österreichische Bundesliga Meister - Statistiken

Allgemein
  • Dieses Quiz wurde 4.647 mal gespielt
    4.535 seit der letzten Aktualisierung
  • Das Durchschnittsergebnis liegt bei 7 aus 18
Antwortstatistiken
Anzahl Verein % Korrekt
17 FC Red Bull Salzburg
97%
32 SK Rapid Wien
92%
24 FK Austria Wien
86%
5 SK Sturm Graz
82%
1 Linzer ASK
52%
1 Wiener AC
40%
1 Grazer AK
38%
6 First Vienna FC 1894
30%
8 SK Admira Wien
28%
5 FC Wacker Innsbruck
26%
3 FC Tirol Innsbruck
15%
3 Wiener Sport-Club
15%
2 FC Swarovski Tirol
14%
1 Floridsdorfer AC
13%
1 SK VÖEST Linz
9%
1 SC Hakoah Wien
6%
1 SC Wacker Wien
5%
1 Wiener AF
5%
Keine übereinstimmenden Quizze gefunden
Verteilung der Resultate
Anzahl Personen mit jedem Resultat
Perzentil nach korrekt beantworteten Fragen
Ihre Resultats-Entwicklung
Sie haben dieses Quiz seit der letzten Aktualisierung nicht gespielt